Emerging quantum: the physics behind quantum mechanics (Record no. 16240)
[ view plain ]
| 000 -LEADER | |
|---|---|
| fixed length control field | 01113nam a2200325Ia 4500 |
| 003 - CONTROL NUMBER IDENTIFIER | |
| control field | OSt |
| 005 - DATE AND TIME OF LATEST TRANSACTION | |
| control field | 20220912144712.0 |
| 008 - FIXED-LENGTH DATA ELEMENTS--GENERAL INFORMATION | |
| fixed length control field | 220909b |||||||| |||| 00| 0 eng d |
| 020 ## - INTERNATIONAL STANDARD BOOK NUMBER | |
| International Standard Book Number | 9783319078922 (hbk) |
| 020 ## - INTERNATIONAL STANDARD BOOK NUMBER | |
| International Standard Book Number | SL01599922 |
| 037 ## - SOURCE OF ACQUISITION | |
| Terms of availability | Textual |
| 040 ## - CATALOGING SOURCE | |
| Original cataloging agency | CSL |
| Language of cataloging | eng |
| Transcribing agency | CSL |
| 041 ## - LANGUAGE CODE | |
| Language code of text/sound track or separate title | eng |
| 100 ## - MAIN ENTRY--PERSONAL NAME | |
| Personal name | Pena Luis de la; Cetto Ana Maria; Valdes-Hernandez Andrea |
| 245 #0 - TITLE STATEMENT | |
| Title | Emerging quantum: the physics behind quantum mechanics |
| 260 ## - PUBLICATION, DISTRIBUTION, ETC. | |
| Place of publication, distribution, etc. | Switzerland |
| Name of publisher, distributor, etc. | Springer |
| Date of publication, distribution, etc. | 2015 |
| 300 ## - PHYSICAL DESCRIPTION | |
| Extent | xiii, 366p. ill. |
| 500 ## - GENERAL NOTE | |
| General note | Index 355-366p. |
| 650 ## - SUBJECT ADDED ENTRY--TOPICAL TERM | |
| Topical term or geographic name entry element | Momentum correlations |
| 650 ## - SUBJECT ADDED ENTRY--TOPICAL TERM | |
| Topical term or geographic name entry element | Quantum potential |
| 650 ## - SUBJECT ADDED ENTRY--TOPICAL TERM | |
| Topical term or geographic name entry element | Zero point field waves |
| 700 ## - ADDED ENTRY--PERSONAL NAME | |
| Personal name | Pena Luis de la; Cetto Ana Maria; Valdes-Hernandez Andrea |
| 942 ## - ADDED ENTRY ELEMENTS (KOHA) | |
| Classification part | CN1, Q5 TC |
| Koha item type | Textual |
| Source of classification or shelving scheme | Colon Classification (CC) |
| Withdrawn status | Lost status | Damaged status | Not for loan | Home library | Current library | Date acquired | Source of acquisition | Total Checkouts | Full call number | Barcode | Date last seen | Price effective from | Koha item type |
|---|---|---|---|---|---|---|---|---|---|---|---|---|---|
| Central Science Library | Central Science Library | 2022-09-12 | 638, 04/12/2015, Indica Publishers & Distributors Pvt. Ltd. | CN1 Q5 TC | SL1599922 | 2022-09-12 | 2022-09-12 | Textual |
